Online Catalogue and eLibrary

Asian panorama : (Record no. 3503)

MARC details
000 -LEADER
fixed length control field 00471nam a2200157Ia 4500
005 - DATE AND TIME OF LATEST TRANSACTION
control field 20250108050359.0
008 - FIXED-LENGTH DATA ELEMENTS--GENERAL INFORMATION
fixed length control field 240331s9999 xx 000 0 und d
020 ## - INTERNATIONAL STANDARD BOOK NUMBER
ISBN 0706949595
082 ## - DDC Classification
Item Number - Author Mark ASI
Class No. 950
245 #0 - TITLE STATEMENT
Title Asian panorama :
Remainder of title essays in Asian history , past and present
260 ## - PUBLICATION, DISTRIBUTION, ETC.
Place of publication, distribution, etc. New Delhi
Name of publisher, distributor, etc. Vikas Publishing House Pvt Ltd
Date of publication, distribution, etc. 1990
300 ## - PHYSICAL DESCRIPTION
Extent (e.g. Volumes, Pages etc.) Viii, 570 p .,
500 ## - GENERAL NOTE
General note Essays in Asian History, Past and Present
700 ## - ADDED ENTRY--PERSONAL NAME
Personal name De Silva,K.M.
Relator term (Role) Editor
942 ## - Koha item type (Biblio)
Koha item type Books in Stacks (Lending)
Holdings
Lost status Damaged status Collection code Home library Current library Shelving location Date acquired Full call number Accession Number Item type
    Lending WERC Library WERC Library Social Science Cupboard 03/31/2024 950 ASI 75 Books in Stacks (Lending)

© WERC Library